Advanced methods in plant breeding and biotechnology (Record no. 40411)

MARC details
000 -LEADER
fixed length control field 00475nam a2200169Ia 4500
082 ## - DEWEY DECIMAL CLASSIFICATION NUMBER
Classification number 575:631.52
Item number MUR
245 #0 - TITLE STATEMENT
Title Advanced methods in plant breeding and biotechnology
260 ## - PUBLICATION, DISTRIBUTION, ETC. (IMPRINT)
Place of publication London
Name of publisher CAB International
Year of publication 1991
650 ## - SUBJECT ADDED ENTRY--TOPICAL TERM
Topical Term Gene mapping
650 ## - SUBJECT ADDED ENTRY--TOPICAL TERM
Topical Term Gene transfer
650 ## - SUBJECT ADDED ENTRY--TOPICAL TERM
Topical Term Genetic engineering
650 ## - SUBJECT ADDED ENTRY--TOPICAL TERM
Topical Term Somatic embryogenesis
650 ## - SUBJECT ADDED ENTRY--TOPICAL TERM
Topical Term Stress physiology
700 ## - ADDED ENTRY--PERSONAL NAME
Personal name Murray, David R
942 ## - ADDED ENTRY ELEMENTS (KOHA)
Koha item type Books
Holdings
Withdrawn status Lost status Damaged status Not for loan Home library Current library Date acquired Cost, normal purchase price Full call number Accession Number Koha item type
        RRII Library RRII Library 16/12/2021 49.95 575:631.52 MUR 20711 Books